000 00897nam a2200241 i 4500
001 101616
003 ES-MaACL
005 20250806075141.0
007 t|
008 051021s1925 sp ||||1| spa d
100 1 _aMeirowsky, Emil.
_979852
245 1 3 _aLa sífilis con especial consideración de los órganos internos... /
_cbajo la dirección de E. Meirowsky y F. Pinkus; con un apéndice del Prof. Dr. A. von Wassemann; traducido por Ignacio Bofill.
260 _aBarcelona :
_bLabor,
_c1925.
300 _aXV, 594 p. ;
_c24 cm.
490 1 _aespecialidades en la medicina práctica ;
_vVII
650 0 4 _aSífilis.
_917092
700 1 _aWassermann, August von.
_9116153
700 1 _aPinkus, F.
_992155
700 1 _aBofill, Ignacio.
_929774
830 0 4 _aLas especialidades en la medicina práctica
_vVII
_9182799
852 _aES-MaACL
_jC-6698
999 _c101616
_d101616